[Event "Sivakasi Mahalingam Cup"]
[Site "Sivakasi"]
[Date "2023.07.24"]
[Round "8"]
[White "Aadik, Theophane Lenin"]
[Black "Maheswaran, Palsamy"]
[Result "1/2-1/2"]
[WhiteElo "1621"]
[BlackElo "2058"]
[PlyCount "77"]
[EventDate "2023.07.21"]
[EventType "swiss"]
[EventRounds "9"]
[EventCountry "IND"]
[SourceTitle "EXT 2024"]
[Source "ChessBase"]
[SourceDate "2023.10.10"]
[SourceVersion "1"]
[SourceVersionDate "2023.10.10"]
[SourceQuality "1"]

1. d4 Nf6 2. c4 c5 3. e3 cxd4 4. exd4 d5 5. Nf3 g6 6. Nc3 Bg7 7. cxd5 Nxd5 8. Bc4 Nxc3 9. bxc3 Qc7 10. Qb3 0-0 11. Ba3 Nc6 12. Be2 Be6 13. Qb2 Na5 14. 0-0 Bc4 15. Rfe1 Rfe8 16. Bb4 Bxe2 17. Qxe2 Nc4 18. Nd2 Nxd2 19. Qxd2 e6 20. Rab1 Rac8 21. a4 b6 22. Rec1 Red8 23. h3 Qc4 24. Qb2 Rd5 25. Rd1 h5 26. a5 Bf6 27. axb6 axb6 28. Re1 Rg5 29. Qe2 Rb5 30. Qxc4 Rxc4 31. Red1 Rd5 32. Kf1 Kg7 33. Ke2 b5 34. Rd3 e5 35. dxe5 Rxe5+ 36. Kf1 Rf5 37. g3 Re5 38. Re1 Rxe1+ 39. Kxe1 1/2-1/2

[Event "Sivakasi Mahalingam Cup"]
[Site "Sivakasi"]
[Date "2023.07.22"]
[Round "3"]
[White "Maheswaran, Palsamy"]
[Black "Gokula Vishnu, R."]
[Result "1/2-1/2"]
[WhiteElo "2058"]
[BlackElo "1558"]
[PlyCount "60"]
[EventDate "2023.07.21"]
[EventType "swiss"]
[EventRounds "9"]
[EventCountry "IND"]
[SourceTitle "EXT 2024"]
[Source "ChessBase"]
[SourceDate "2023.10.10"]
[SourceVersion "1"]
[SourceVersionDate "2023.10.10"]
[SourceQuality "1"]

1. Nf3 f5 2. c4 Nf6 3. g3 g6 4. Bg2 Bg7 5. 0-0 0-0 6. d4 d6 7. d5 c5 8. Nc3 h6 9. Ne1 Nbd7 10. Rb1 Ne5 11. b3 Nh5 12. Nd3 a6 13. a4 Bd7 14. Bd2 Qe8 15. Qc2 g5 16. f4 Ng4 17. Rbe1 Qg6 18. Nd1 Rab8 19. N1f2 Ngf6 20. Qc1 Nh7 21. e3 N7f6 22. Bc3 b5 23. axb5 axb5 24. Qc2 e6 25. Ra1 exd5 26. cxd5 Rfe8 27. Qd2 b4 28. Bb2 Bb5 29. Rfe1 Re7 30. Rf1 Bd7 1/2-1/2

[Event "Titled Tuesday intern op 24th Aug"]
[Site "Chess.com INT"]
[Date "2021.08.24"]
[Round "4"]
[White "Bashirli, Saadat"]
[Black "Maheswaran, Palsamy"]
[Result "0-1"]
[WhiteElo "1320"]
[BlackElo "2156"]
[PlyCount "122"]
[EventDate "2021.08.24"]
[EventType "swiss (blitz)"]
[EventRounds "11"]
[EventCountry "USA"]
[SourceTitle "EXT 2022"]
[Source "ChessBase"]
[SourceDate "2021.10.06"]
[SourceVersion "1"]
[SourceVersionDate "2021.10.06"]
[SourceQuality "1"]

1. e4 c5 2. Nf3 e6 3. c3 Nf6 4. e5 Nd5 5. d4 cxd4 6. Qxd4 Nc6 7. Qe4 d6 8. Bb5 Bd7 9. 0-0 Nxe5 10. Nxe5 Bxb5 11. Nxf7 Kxf7 12. Re1 Bd7 13. c4 Nf6 14. Qxb7 Be7 15. Nc3 Rf8 16. Be3 Rb8 17. Qxa7 Rxb2 18. Rab1 Rxb1 19. Rxb1 Kg8 20. Rb7 Re8 21. a4 Bc6 22. Rc7 Ba8 23. Bb6 Qb8 24. Rxe7 Rxe7 25. Qxe7 Qxb6 26. Qxe6+ Kf8 27. Qc8+ Kf7 28. Qxa8 Qd4 29. Qf3 Qxc4 30. a5 d5 31. h3 d4 32. Ne4 Qc1+ 33. Kh2 Qc7+ 34. Qg3 Qxa5 35. Nxf6 gxf6 36. Qd3 Qe5+ 37. g3 Kg7 38. Qc2 Qd6 39. Qd3 Qd5 40. Kg1 h5 41. Kf1 Qe5 42. Qd2 Qe4 43. h4 d3 44. Kg1 Qe2 45. Qf4 d2 46. Qc7+ Kg6 47. Qc2+ Kh6 48. Kg2 d1Q 49. Qc6 Qd4 50. Qf3 Qxf3+ 51. Kxf3 Kg6 52. Kg2 Kf5 53. f3 Qd2+ 54. Kh3 Ke5 55. f4+ Kf5 56. g4+ hxg4+ 57. Kg3 Qe3+ 58. Kg2 Kxf4 59. h5 Qe2+ 60. Kg1 Kg3 61. Kh1 Qe1# 0-1

[Event "Titled Tuesday intern op 02nd Mar"]
[Site "Chess.com INT"]
[Date "2021.03.02"]
[Round "11"]
[White "Ioannidis, Evgenios"]
[Black "Maheswaran, Palsamy"]
[Result "1-0"]
[WhiteElo "2411"]
[BlackElo "2156"]
[PlyCount "59"]
[EventDate "2021.03.02"]
[EventType "swiss (blitz)"]
[EventRounds "11"]
[EventCountry "USA"]
[SourceTitle "CBM 201 Extra"]
[Source "ChessBase"]
[SourceDate "2021.05.31"]
[SourceVersion "1"]
[SourceVersionDate "2021.05.31"]
[SourceQuality "1"]

1. d4 Nf6 2. c4 g6 3. Nc3 Bg7 4. e4 d6 5. h3 0-0 6. Be3 e5 7. d5 Nh5 8. g3 Qe8 9. Be2 Nf6 10. g4 Na6 11. Nf3 Nc5 12. Nd2 a5 13. h4 Qe7 14. g5 Nfd7 15. h5 f5 16. gxf6 Nxf6 17. hxg6 hxg6 18. Nb3 b6 19. Nxc5 bxc5 20. Bg5 Qf7 21. Qd3 Ng4 22. f3 Nf6 23. 0-0-0 Nh5 24. Rdg1 Nf4 25. Bxf4 exf4 26. e5 Bf5 27. e6 Qf6 28. Qd2 Rab8 29. Bd3 Bxd3 30. Qxd3 1-0

[Event "Titled Tuesday intern op 02nd Mar"]
[Site "Chess.com INT"]
[Date "2021.03.02"]
[Round "6"]
[White "Maheswaran, Palsamy"]
[Black "Swicarz, Maciej"]
[Result "1/2-1/2"]
[WhiteElo "2156"]
[BlackElo "2341"]
[PlyCount "127"]
[EventDate "2021.03.02"]
[EventType "swiss (blitz)"]
[EventRounds "11"]
[EventCountry "USA"]
[SourceTitle "CBM 201 Extra"]
[Source "ChessBase"]
[SourceDate "2021.05.31"]
[SourceVersion "1"]
[SourceVersionDate "2021.05.31"]
[SourceQuality "1"]

1. d4 d6 2. Nf3 Bg4 3. e4 e6 4. h3 Bxf3 5. Qxf3 d5 6. Bd3 Nf6 7. Nd2 Be7 8. 0-0 0-0 9. c3 a6 10. Re1 Re8 11. exd5 exd5 12. Nf1 c6 13. Ng3 g6 14. Bg5 Nbd7 15. Re2 Kf8 16. Rae1 Ng8 17. Bd2 Ndf6 18. h4 Bd6 19. h5 Rxe2 20. Rxe2 Bxg3 21. hxg6 hxg6 22. fxg3 Qd7 23. Bg5 Nh7 24. Bd2 Kg7 25. Bf4 Re8 26. Be5+ f6 27. Bf4 Rxe2 28. Qxe2 Nf8 29. Bd2 Nh6 30. Bxh6+ Kxh6 31. Qe3+ Kg7 32. Qf4 Ne6 33. Qg4 Nf8 34. Qf4 Qe7 35. Kf2 Ne6 36. Qe3 Kf7 37. g4 Nf8 38. Qxe7+ Kxe7 39. Ke3 g5 40. Bf5 Kd6 41. Kd3 a5 42. a4 Ne6 43. Bxe6 Kxe6 44. Ke3 b5 45. b3 Kd6 46. Kd3 bxa4 47. bxa4 Ke6 48. Ke3 f5 49. g3 Kf6 50. Kf3 fxg4+ 51. Kxg4 Kg6 52. Kf3 Kf5 53. g4+ Kf6 54. Ke3 Ke6 55. Kd3 Kd6 56. c4 c5 57. Kc3 Kc6 58. dxc5 Kxc5 59. cxd5 Kxd5 60. Kd3 Ke5 61. Ke3 Kd5 62. Kd3 Ke5 63. Ke3 Kd5 64. Kd3 1/2-1/2

[Event "Titled Tuesday intern op 29th Dec"]
[Site "Chess.com INT"]
[Date "2020.12.29"]
[Round "4"]
[White "Maheswaran, Palsamy"]
[Black "Tsukerman, Julia"]
[Result "1-0"]
[WhiteElo "2156"]
[BlackElo "1523"]
[PlyCount "99"]
[EventDate "2020.12.29"]
[EventType "swiss (blitz)"]
[EventRounds "11"]
[EventCountry "USA"]
[SourceTitle "CBM 200 Extra"]
[Source "ChessBase"]
[SourceDate "2021.03.31"]
[SourceVersion "1"]
[SourceVersionDate "2021.03.31"]
[SourceQuality "1"]

1. d4 Nf6 2. Nf3 e6 3. c4 d5 4. g3 Be7 5. Bg2 0-0 6. 0-0 dxc4 7. Qa4 a6 8. Qxc4 b5 9. Qc2 Bb7 10. Bd2 Nbd7 11. Ba5 Rc8 12. Nbd2 Nb6 13. b4 Nbd5 14. a3 Qe8 15. Ne5 Bd6 16. Rfc1 Nd7 17. Nc6 Nb8 18. Nxb8 Rxb8 19. Nb3 Nb6 20. Bxb7 Rxb7 21. Qc6 Qxc6 22. Rxc6 Rd8 23. Bxb6 cxb6 24. Rac1 Kf8 25. e3 Ke7 26. Kf1 Rdd7 27. Ke2 Rdc7 28. Kd3 Kd7 29. Rxc7+ Rxc7 30. Rxc7+ Bxc7 31. e4 Kd6 32. f4 f6 33. Nc1 a5 34. Ne2 Kc6 35. Nc3 Bd6 36. d5+ exd5 37. Nxd5 f5 38. Kd4 fxe4 39. Kxe4 Bf8 40. g4 g6 41. f5 gxf5+ 42. gxf5 axb4 43. axb4 Bd6 44. h4 Bf8 45. Ke5 Bd6+ 46. Ke6 Bf8 47. f6 Bd6 48. f7 Bf8 49. h5 Bd6 50. Ne7+ 1-0

[Event "Titled Tuesday intern op 01st Dec"]
[Site "Chess.com INT"]
[Date "2020.12.01"]
[Round "7"]
[White "Damjanovic, Vladimir"]
[Black "Maheswaran, Palsamy"]
[Result "1-0"]
[WhiteElo "2393"]
[BlackElo "2156"]
[PlyCount "79"]
[EventDate "2020.12.01"]
[EventType "swiss (blitz)"]
[EventRounds "11"]
[EventCountry "USA"]
[SourceTitle "CBM 199 Extra"]
[Source "ChessBase"]
[SourceDate "2021.01.31"]
[SourceVersion "1"]
[SourceVersionDate "2021.01.31"]
[SourceQuality "1"]

1. e4 c5 2. Nf3 e6 3. g3 a6 4. Bg2 b5 5. 0-0 Bb7 6. Re1 d6 7. d4 cxd4 8. Nxd4 Nd7 9. c3 Qc7 10. a4 bxa4 11. Qxa4 Ngf6 12. Bg5 Be7 13. Nd2 0-0 14. Qc2 h6 15. Be3 d5 16. exd5 Nxd5 17. Ne4 Nxe3 18. Rxe3 Nc5 19. Nxc5 Bxc5 20. Bxb7 Qxb7 21. Rd3 a5 22. Rad1 Rfb8 23. b3 Qe4 24. Qa2 e5 25. Nf3 Qf5 26. Nh4 Qe6 27. c4 e4 28. Rd5 Qb6 29. Nf5 e3 30. fxe3 Bxe3+ 31. Kg2 Bg5 32. Rb5 Qc6+ 33. Kg1 Rxb5 34. cxb5 Qxb5 35. Nd6 Qc5+ 36. Kg2 Qc6+ 37. Kh3 Qd7+ 38. Kg2 Be7 39. Qd2 Rd8 40. Ne4 1-0

[Event "Titled Tuesday intern op 01st Dec"]
[Site "Chess.com INT"]
[Date "2020.12.01"]
[Round "9"]
[White "Maheswaran, Palsamy"]
[Black "Grochal, Joey"]
[Result "1-0"]
[WhiteElo "2156"]
[BlackElo "2335"]
[PlyCount "85"]
[EventDate "2020.12.01"]
[EventType "swiss (blitz)"]
[EventRounds "11"]
[EventCountry "USA"]
[SourceTitle "CBM 199 Extra"]
[Source "ChessBase"]
[SourceDate "2021.01.31"]
[SourceVersion "1"]
[SourceVersionDate "2021.01.31"]
[SourceQuality "1"]

1. d4 Nf6 2. Nf3 e6 3. c4 b6 4. a3 Bb7 5. Nc3 d5 6. cxd5 Nxd5 7. e3 Be7 8. Bb5+ c6 9. Bd3 0-0 10. 0-0 Nxc3 11. bxc3 c5 12. Qe2 Nc6 13. Bb2 Qc7 14. c4 Rfd8 15. Rfd1 cxd4 16. exd4 Bf6 17. d5 Bxb2 18. dxc6 Bxa1 19. cxb7 Qxb7 20. Rxa1 Qc7 21. h4 Qc5 22. Qe4 g6 23. Bf1 Rac8 24. Qf4 Qf5 25. Qxf5 gxf5 26. Rb1 Rc5 27. Rb3 Rd1 28. g3 Ra5 29. Kg2 Ra1 30. Rd3 h6 31. Rd8+ Kg7 32. Nd4 R1xa3 33. Rd7 Kf6 34. Nc6 Rc5 35. Nd8 a6 36. Rxf7+ Ke5 37. Re7 b5 38. cxb5 axb5 39. Rxe6+ Kd4 40. Rxh6 b4 41. Ne6+ Kd5 42. Nxc5 Kxc5 43. Rh5 1-0

[Event "Titled Tuesday intern op 01st Dec"]
[Site "Chess.com INT"]
[Date "2020.12.01"]
[Round "5"]
[White "Maheswaran, Palsamy"]
[Black "Pastar, Slaven"]
[Result "0-1"]
[WhiteElo "2156"]
[BlackElo "2324"]
[PlyCount "120"]
[EventDate "2020.12.01"]
[EventType "swiss (blitz)"]
[EventRounds "11"]
[EventCountry "USA"]
[SourceTitle "CBM 199 Extra"]
[Source "ChessBase"]
[SourceDate "2021.01.31"]
[SourceVersion "1"]
[SourceVersionDate "2021.01.31"]
[SourceQuality "1"]

1. d4 b6 2. Nf3 Bb7 3. c4 Nf6 4. Nc3 e6 5. a3 Be7 6. d5 0-0 7. e4 d6 8. Bd3 e5 9. 0-0 a5 10. b3 Na6 11. Bc2 Bc8 12. Ne1 Bg4 13. f3 Bh5 14. Nd3 Re8 15. Be3 Nc5 16. Nxc5 bxc5 17. Qd2 Nd7 18. Rfb1 h6 19. Na4 Bg5 20. Bxg5 hxg5 21. g4 Bg6 22. b4 axb4 23. axb4 cxb4 24. Qxb4 Qf6 25. Qc3 Qf4 26. Ra3 f6 27. Qe3 Kf7 28. Kg2 Rh8 29. Qxf4 exf4 30. Rb7 Rhc8 31. Rc3 Rab8 32. Rcb3 Ke7 33. Rxb8 Rxb8 34. Rxb8 Nxb8 35. c5 c6 36. cxd6+ Kxd6 37. e5+ fxe5 38. Bxg6 cxd5 39. Nc3 Nc6 40. Bf7 Nb4 41. h4 gxh4 42. g5 Kc5 43. Kh3 Kd4 44. Nb5+ Ke3 45. Bh5 d4 46. Kxh4 d3 47. Nc3 d2 48. Kg4 Kd3 49. Nd1 Nd5 50. Bg6+ Ke2 51. Nb2 Ne3+ 52. Kh5 Kxf3 53. Be8 Kg3 54. Kg6 f3 55. Bb5 Kh4 56. Kxg7 Kxg5 57. Kf7 d1Q 58. Nxd1 Nxd1 59. Ke6 Kf4 60. Kd5 Nc3+ 0-1

[Event "Titled Tuesday intern op 01st Dec"]
[Site "Chess.com INT"]
[Date "2020.12.01"]
[Round "4"]
[White "Pert, Richard G"]
[Black "Maheswaran, Palsamy"]
[Result "1/2-1/2"]
[WhiteElo "2416"]
[BlackElo "2156"]
[PlyCount "164"]
[EventDate "2020.12.01"]
[EventType "swiss (blitz)"]
[EventRounds "11"]
[EventCountry "USA"]
[SourceTitle "CBM 199 Extra"]
[Source "ChessBase"]
[SourceDate "2021.01.31"]
[SourceVersion "1"]
[SourceVersionDate "2021.01.31"]
[SourceQuality "1"]

1. e4 c5 2. Nc3 a6 3. Nf3 e6 4. d4 cxd4 5. Nxd4 Qc7 6. Be2 Nf6 7. 0-0 Be7 8. Be3 0-0 9. f4 d6 10. Qe1 Nc6 11. Bd3 Nxd4 12. Bxd4 e5 13. Be3 exf4 14. Bxf4 Be6 15. Kh1 Nd7 16. Nd5 Bxd5 17. exd5 Rfe8 18. Qe4 Nf6 19. Qf3 Qc5 20. c4 b5 21. b3 bxc4 22. bxc4 Rab8 23. Rae1 Bf8 24. Rxe8 Rxe8 25. Bg5 Qd4 26. Bxf6 Qxf6 27. Qxf6 gxf6 28. Rxf6 Re1+ 29. Rf1 Rxf1+ 30. Bxf1 a5 31. g3 Kg7 32. Kg2 Kf6 33. Kf3 Ke5 34. Ke3 f5 35. Bh3 Be7 36. Kd3 Bd8 37. Bg2 Bb6 38. Bf3 Bg1 39. h3 Bf2 40. g4 fxg4 41. Bxg4 h6 42. Kc3 Be1+ 43. Kb3 Bb4 44. Bd7 Kd4 45. Bg4 Be1 46. Be2 Kc5 47. Ka4 Bd2 48. Kb3 Be1 49. Bf1 Bd2 50. Kc2 Be1 51. Kd3 Bf2 52. Be2 Be1 53. Bd1 Bf2 54. Bb3 Be1 55. Ba4 Bf2 56. Bb5 Be1 57. a4 Bf2 58. Ke4 Be1 59. Kf5 Bd2 60. Kg6 Bc1 61. h4 Bd2 62. h5 Bc1 63. Kf5 Bd2 64. Ke4 Bc1 65. Kd3 Bg5 66. Ke2 Bf4 67. Kf3 Bc1 68. Ke2 Bg5 69. Kd3 Bc1 70. Ke4 Bg5 71. Kf5 Bc1 72. Ke6 Bg5 73. Kd7 Bd2 74. Kc7 Be1 75. Kb7 Bd2 76. Kc8 Be1 77. Kd7 Bd2 78. Ke6 Be3 79. Kf5 Bd2 80. Ke4 Bc1 81. Kd3 Bg5 82. Ke4 Bc1 1/2-1/2

[Event "Ramco Tech op"]
[Site "Rajapalayam"]
[Date "2018.12.02"]
[Round "7"]
[White "Maheswaran, Palsamy"]
[Black "Prasannaa, S."]
[Result "0-1"]
[WhiteElo "2217"]
[BlackElo "2218"]
[PlyCount "131"]
[EventDate "2018.11.29"]
[EventType "swiss"]
[EventRounds "8"]
[EventCountry "IND"]
[SourceTitle "CBM 187 Extra"]
[Source "ChessBase"]
[SourceDate "2018.11.04"]
[SourceVersion "1"]
[SourceVersionDate "2018.11.04"]
[SourceQuality "1"]

1. e4 e5 2. Nf3 Nc6 3. Bc4 Nf6 4. d3 Be7 5. 0-0 0-0 6. c3 d6 7. Bb3 Na5 8. Bc2 c5 9. Nbd2 Nc6 10. a4 d5 11. exd5 Nxd5 12. Nc4 Bf6 13. Re1 Re8 14. Nfd2 Be6 15. Ne4 Be7 16. Ng3 Qc7 17. Qf3 Bf8 18. a5 Nde7 19. Ne4 Ng6 20. Ng5 Bxc4 21. dxc4 h6 22. Bxg6 hxg5 23. Be4 Nxa5 24. Bxg5 Nxc4 25. Bxb7 Rab8 26. Bc6 Re6 27. Bd5 Rg6 28. Qf5 Nb6 29. Qxg6 Nxd5 30. Qe4 Nb6 31. c4 Nc8 32. Bd2 f6 33. Bc3 Ne7 34. Ra6 Qd7 35. f4 exf4 36. Qxf4 Rb7 37. Qe4 Nf5 38. Qe6+ Qxe6 39. Rexe6 Kf7 40. Re1 Nd6 41. Rea1 Nc8 42. Rd1 Nb6 43. Rda1 Nc8 44. Rc6 Nb6 45. Ba5 Nxc4 46. Rc7+ Rxc7 47. Bxc7 Nxb2 48. Rxa7 Ke6 49. Kf1 Nd3 50. Ke2 Nb4 51. Bf4 g5 52. Bd2 Bd6 53. h3 Nc6 54. Ra6 Ne5 55. g3 Ng6 56. Be1 Kd5 57. h4 gxh4 58. gxh4 Be5 59. Kf3 Ne7 60. h5 Nf5 61. Bd2 c4 62. h6 c3 63. Bc1 Nd4+ 64. Ke3 Nb3 65. h7 f5 66. Ra8 0-1

[Event "Titled Tuesday intern op 3rd July"]
[Site "Chess.com INT"]
[Date "2018.07.03"]
[Round "7"]
[White "Maheswaran, Palsamy"]
[Black "Krush, Irina"]
[Result "0-1"]
[WhiteElo "2228"]
[BlackElo "2422"]
[PlyCount "60"]
[EventDate "2018.07.03"]
[EventType "swiss (blitz)"]
[EventRounds "10"]
[EventCountry "USA"]
[SourceTitle "EXT 2021"]
[Source "ChessBase"]
[SourceDate "2020.10.23"]
[SourceVersion "1"]
[SourceVersionDate "2020.10.23"]
[SourceQuality "1"]

1. d4 Nf6 2. Nf3 e6 3. Bf4 d5 4. e3 c5 5. c3 Nc6 6. Nbd2 cxd4 7. exd4 Nh5 8. Be3 Bd6 9. Ne5 g6 10. Bb5 Bd7 11. Bxc6 Bxc6 12. Qf3 Bxe5 13. dxe5 d4 14. Qe2 dxe3 15. Qxe3 Bxg2 16. Rg1 Bc6 17. 0-0-0 Qh4 18. Qc5 Qe7 19. Qe3 0-0 20. Nc4 Bd5 21. Nd6 f6 22. Qh6 Ng7 23. f4 fxe5 24. fxe5 Rf2 25. h4 Bf3 26. h5 Bxh5 27. Ne4 Bxd1 28. Nxf2 Bf3 29. Rg3 Rf8 30. Qh3 Qf7 0-1

[Event "Titled Tuesday intern op 3rd July"]
[Site "Chess.com INT"]
[Date "2018.07.03"]
[Round "4"]
[White "Makarenko, Alexandra"]
[Black "Maheswaran, Palsamy"]
[Result "0-1"]
[WhiteElo "2247"]
[BlackElo "2228"]
[PlyCount "32"]
[EventDate "2018.07.03"]
[EventType "swiss (blitz)"]
[EventRounds "10"]
[EventCountry "USA"]
[SourceTitle "EXT 2021"]
[Source "ChessBase"]
[SourceDate "2020.10.23"]
[SourceVersion "1"]
[SourceVersionDate "2020.10.23"]
[SourceQuality "1"]

1. e4 c5 2. Nf3 e6 3. d4 cxd4 4. Nxd4 a6 5. Bd3 Nf6 6. 0-0 Qc7 7. Qe2 d6 8. c4 g6 9. Nc3 Bg7 10. Kh1 0-0 11. f4 Nbd7 12. Be3 b6 13. Rac1 Bb7 14. f5 exf5 15. exf5 Rae8 16. Qf2 Ng4 0-1

[Event "Sivakasi op 1st"]
[Site "Sivakasi"]
[Date "2015.05.20"]
[Round "7"]
[White "Maheswaran, Palsamy"]
[Black "Hemanth, Raam"]
[Result "1/2-1/2"]
[WhiteElo "2293"]
[BlackElo "1903"]
[PlyCount "76"]
[EventDate "2015.05.17"]
[EventType "swiss"]
[EventRounds "9"]
[EventCountry "IND"]
[SourceTitle "CBM 166 Extra"]
[Source "ChessBase"]
[SourceDate "2015.06.18"]
[SourceVersion "1"]
[SourceVersionDate "2015.06.18"]
[SourceQuality "1"]

1. d4 d5 2. c4 e6 3. Nf3 c5 4. cxd5 exd5 5. Nc3 Nc6 6. g3 Nf6 7. Bg2 Be7 8. 0-0 0-0 9. dxc5 Bxc5 10. b3 Be6 11. Bb2 Rc8 12. Rc1 Qe7 13. Nb5 Ne4 14. Nfd4 Rfd8 15. Nxe6 Qxe6 16. Nd4 Qf6 17. Bxe4 Bxd4 18. Rxc6 Rxc6 19. Bxd4 dxe4 20. Bxf6 Rxd1 21. Rxd1 gxf6 22. Rd7 Ra6 23. Rxb7 Rxa2 24. e3 f5 25. Rb5 Rb2 26. Rxf5 Rxb3 27. Ra5 Rb7 28. g4 Kg7 29. Ra6 Rb6 30. Ra4 Re6 31. Kg2 a6 32. Kg3 Kg6 33. Ra5 Kg7 34. h3 Rc6 35. Re5 Rc4 36. Ra5 Rc6 37. Kf4 Rc2 38. Kg3 Rc6 1/2-1/2

[Event "Sivakasi op 1st"]
[Site "Sivakasi"]
[Date "2015.05.19"]
[Round "6"]
[White "Deepan Chakkravarthy, J."]
[Black "Maheswaran, Palsamy"]
[Result "1-0"]
[WhiteElo "2487"]
[BlackElo "2293"]
[PlyCount "75"]
[EventDate "2015.05.17"]
[EventType "swiss"]
[EventRounds "9"]
[EventCountry "IND"]
[SourceTitle "CBM 166 Extra"]
[Source "ChessBase"]
[SourceDate "2015.06.18"]
[SourceVersion "1"]
[SourceVersionDate "2015.06.18"]
[SourceQuality "1"]

1. d4 Nf6 2. c4 e6 3. Nc3 d5 4. Nf3 Bb4 5. Qa4+ Nc6 6. a3 Bxc3+ 7. bxc3 Ne4 8. Qc2 Na5 9. e3 b6 10. cxd5 exd5 11. Bb5+ c6 12. Bd3 0-0 13. 0-0 Re8 14. Ne5 f6 15. f3 Ng5 16. Ng4 Bxg4 17. h4 Ne4 18. fxe4 dxe4 19. Bxe4 f5 20. Bxf5 Bxf5 21. Rxf5 Qxh4 22. Qa2+ Kh8 23. Bd2 Rf8 24. Raf1 Rxf5 25. Rxf5 Qg4 26. Qf7 h6 27. Rf3 Qe4 28. c4 Nb3 29. Bb4 Qe8 30. Qf5 c5 31. Bc3 cxd4 32. exd4 Nc1 33. Kh1 Ne2 34. Bb2 Qa4 35. Qd3 Re8 36. d5 b5 37. Rh3 Kg8 38. Rxh6 1-0

[Event "IND-chT 35th"]
[Site "Goa"]
[Date "2015.02.23"]
[Round "6"]
[White "Sagar, Shah"]
[Black "Maheswaran, Palsamy"]
[Result "1/2-1/2"]
[WhiteElo "2459"]
[BlackElo "2276"]
[PlyCount "83"]
[EventDate "2015.02.20"]
[EventType "team-swiss"]
[EventRounds "9"]
[EventCountry "IND"]
[SourceTitle "CBM 165 Extra"]
[Source "ChessBase"]
[SourceDate "2015.04.21"]
[SourceVersion "1"]
[SourceVersionDate "2015.04.21"]
[SourceQuality "1"]
[WhiteTeam "Maharashtra Chess is Life"]
[BlackTeam "Tamil Nadu State"]
[WhiteTeamCountry "IND"]
[BlackTeamCountry "IND"]

1. d4 Nf6 2. c4 c5 3. d5 d6 4. Nc3 g6 5. e4 Bg7 6. Nf3 0-0 7. Be2 e6 8. Nd2 exd5 9. cxd5 Re8 10. 0-0 Na6 11. Re1 Nc7 12. a4 b6 13. Bf1 Ng4 14. Nf3 Ne5 15. Nxe5 Bxe5 16. Bd3 a6 17. f4 Bd4+ 18. Be3 Qf6 19. Bxd4 Qxd4+ 20. Kh1 Bb7 21. Bc2 Qxd1 22. Raxd1 Kg7 23. e5 Rad8 24. Kg1 b5 25. Ne4 dxe5 26. d6 Ne6 27. fxe5 Bxe4 28. Bxe4 bxa4 29. Bc6 Rf8 30. Bxa4 Rb8 31. Rd2 Rfd8 32. Bc6 Nd4 33. Bd5 f6 34. Rf2 fxe5 35. Rf7+ Kh6 36. d7 Rb6 37. Rxe5 Rd6 38. Bc4 R8xd7 39. Rxd7 Rxd7 40. Bxa6 Ra7 41. Bc4 Rb7 42. b3 1/2-1/2

[Event "Chennai op 7th"]
[Site "Chennai"]
[Date "2015.01.01"]
[Round "4"]
[White "Baryshpolets, Andrey"]
[Black "Maheswaran, Palsamy"]
[Result "1-0"]
[WhiteElo "2566"]
[BlackElo "2275"]
[PlyCount "111"]
[EventDate "2014.12.30"]
[EventType "swiss"]
[EventRounds "10"]
[EventCountry "IND"]
[SourceTitle "CBM 164 Extra"]
[Source "ChessBase"]
[SourceDate "2015.03.02"]
[SourceVersion "1"]
[SourceVersionDate "2015.03.02"]
[SourceQuality "1"]

1. d4 Nf6 2. c4 c5 3. d5 d6 4. Nc3 g6 5. e4 Bg7 6. h3 0-0 7. Bd3 e6 8. Nf3 exd5 9. exd5 Na6 10. 0-0 Nb4 11. Bb1 b6 12. Re1 Na6 13. Bf4 Nh5 14. Bg5 f6 15. Bd2 f5 16. Bg5 Bf6 17. Qd2 Nc7 18. Bc2 Bd7 19. Bh6 Bg7 20. Rad1 Re8 21. Bxg7 Kxg7 22. Rxe8 Qxe8 23. a3 Qf8 24. b4 Re8 25. Rb1 Rb8 26. Ba4 Bxa4 27. Nxa4 Nf6 28. Nc3 h6 29. Qb2 Re8 30. bxc5 dxc5 31. a4 Kh7 32. a5 Nd7 33. Nb5 Nxb5 34. Qxb5 Qd6 35. axb6 axb6 36. Qc6 Qe7 37. Re1 Qf7 38. Re6 Re7 39. Qd6 Re8 40. h4 Nf8 41. Rxe8 Qxe8 42. Qxb6 Nd7 43. Qc7 Kg8 44. Qf4 Kg7 45. h5 gxh5 46. Qxf5 Qf7 47. Qe4 Qf6 48. g3 Kf8 49. Kg2 Kg7 50. Nh4 Ne5 51. Nf5+ Kf8 52. Nxh6 h4 53. Ng4 h3+ 54. Kxh3 Nxg4 55. Qxg4 Qh6+ 56. Kg2 1-0

[Event "Dindigul Cities-ch"]
[Site "Dindigul"]
[Date "2014.06.17"]
[Round "2.1"]
[White "Thejkumar, MS."]
[Black "Maheswaran, Palsamy"]
[Result "1-0"]
[WhiteElo "2435"]
[BlackElo "2257"]
[PlyCount "65"]
[EventDate "2014.06.16"]
[EventType "team-swiss"]
[EventRounds "7"]
[EventCountry "IND"]
[SourceTitle "CBM 161 Extra"]
[Source "ChessBase"]
[SourceDate "2014.08.29"]
[SourceVersion "1"]
[SourceVersionDate "2014.08.29"]
[SourceQuality "1"]
[WhiteTeam "Bangalore"]
[BlackTeam "Sivakasi"]
[WhiteTeamCountry "IND"]
[BlackTeamCountry "IND"]

1. d4 Nf6 2. c4 e6 3. Nc3 d5 4. Nf3 Bb4 5. Qa4+ Nc6 6. e3 0-0 7. Bd2 dxc4 8. Bxc4 Bd6 9. Rd1 a6 10. Qc2 b5 11. Be2 Bb7 12. 0-0 e5 13. a3 exd4 14. exd4 h6 15. Bc1 Re8 16. Bd3 Kh8 17. h3 Re7 18. Rfe1 Rxe1+ 19. Rxe1 Bf8 20. Be3 Qd6 21. Qb3 Qd7 22. Bb1 Na5 23. Qd1 Nc4 24. Ne5 Nxe5 25. dxe5 Qc6 26. f3 Nd5 27. Be4 Nxe3 28. Bxc6 Nxd1 29. Bxb7 Rb8 30. Rxd1 Rxb7 31. Rd8 Kg8 32. Ne4 g6 33. Nc5 1-0

[Event "Chennai op 5th"]
[Site "Chennai"]
[Date "2013.01.19"]
[Round "4"]
[White "Paramasivam, M."]
[Black "Maheswaran, Palsamy"]
[Result "0-1"]
[WhiteElo "2021"]
[BlackElo "2276"]
[PlyCount "79"]
[EventDate "2013.01.16"]
[EventType "swiss"]
[EventRounds "11"]
[EventCountry "IND"]
[SourceTitle "CBM 152 Extra"]
[Source "ChessBase"]
[SourceDate "2013.02.25"]
[SourceVersion "1"]
[SourceVersionDate "2013.02.25"]
[SourceQuality "1"]

1. d4 d6 2. c4 Nd7 3. Nf3 e5 4. Nc3 Ngf6 5. Bg5 c6 6. e3 Be7 7. Qc2 Qa5 8. Bd3 Nf8 9. h3 e4 10. Bxe4 Nxe4 11. Qxe4 f6 12. Bf4 Bf5 13. b4 Qxb4 14. Qxf5 Qxc3+ 15. Ke2 Qxc4+ 16. Kd2 d5 17. a3 g6 18. Qb1 Qa6 19. Rc1 Nd7 20. Ke1 Nb6 21. Nd2 Rc8 22. Qb3 Qa4 23. Qd3 Kf7 24. Rcb1 Rhd8 25. Nb3 Nc4 26. Nd2 Nxd2 27. Qxd2 Rd7 28. Kf1 b6 29. Kg1 c5 30. dxc5 Rxc5 31. Ra2 Rc4 32. Bg3 d4 33. exd4 Rcxd4 34. Qh6 Kg8 35. Re1 Re4 36. Rxe4 Rd1+ 37. Kh2 Qxe4 38. Bf4 Bf8 39. Qh4 Bd6 40. Qxf6 0-1